[Event "GER-ch Net blitz qual1"]
[Site "Playchess.com INT"]
[Date "2021.04.24"]
[Round "10"]
[White "Schondorf, Andree"]
[Black "Bluebaum, Johanna"]
[Result "0-1"]
[WhiteElo "1857"]
[BlackElo "1853"]
[PlyCount "74"]
[EventDate "2021.04.24"]
[EventType "swiss (blitz)"]
[EventRounds "11"]
[EventCountry "GER"]
[SourceTitle "CBM 202 Extra"]
[Source "ChessBase"]
[SourceDate "2021.07.31"]
[SourceVersion "1"]
[SourceVersionDate "2021.07.31"]
[SourceQuality "1"]

1. Nf3 e6 2. b3 d5 3. Bb2 Nf6 4. e3 c5 5. Ne5 Nc6 6. Bb5 Qc7 7. Bxc6+ bxc6 8. 0-0 Be7 9. f4 0-0 10. d3 Nd7 11. Nd2 f6 12. Nxd7 Bxd7 13. e4 Bd6 14. Qg4 e5 15. f5 Be8 16. a4 c4 17. dxc4 d4 18. Rf3 c5 19. Rh3 g6 20. fxg6 Bxg6 21. Rf1 Rf7 22. Rhf3 Be7 23. h4 Rg7 24. Qe6+ Bf7 25. Qf5 Kh8 26. g3 Rag8 27. Kh2 Qd8 28. R1f2 Rg4 29. Bc1 Qf8 30. Kh3 Qg7 31. Rg2 Bd8 32. Ba3 Be8 33. Bxc5 Bd7 34. Qh5 Rxg3+ 35. Kh2 Rxg2+ 36. Kh1 Rg1+ 37. Kh2 Qg2# 0-1

[Event "GER-ch Net blitz qual1"]
[Site "Playchess.com INT"]
[Date "2021.04.24"]
[Round "6"]
[White "Schondorf, Andree"]
[Black "Tebelmann, Lars"]
[Result "0-1"]
[WhiteElo "1857"]
[BlackElo "1620"]
[PlyCount "68"]
[EventDate "2021.04.24"]
[EventType "swiss (blitz)"]
[EventRounds "11"]
[EventCountry "GER"]
[SourceTitle "CBM 202 Extra"]
[Source "ChessBase"]
[SourceDate "2021.07.31"]
[SourceVersion "1"]
[SourceVersionDate "2021.07.31"]
[SourceQuality "1"]

1. Nf3 e6 2. b3 d5 3. Bb2 c5 4. e3 a6 5. a4 Nc6 6. g3 h5 7. Bg2 h4 8. Nxh4 Rxh4 9. gxh4 Qxh4 10. Qf3 Bd7 11. Qg3 Qh6 12. d3 Nf6 13. Nd2 0-0-0 14. 0-0-0 d4 15. e4 e5 16. Kb1 Nh5 17. Qf3 Nf4 18. Nc4 b5 19. Nb6+ Kc7 20. Nxd7 Rxd7 21. axb5 axb5 22. Bc1 g5 23. Bxf4 gxf4 24. Bh3 Rd8 25. Bg4 Nb4 26. Kb2 c4 27. dxc4 bxc4 28. bxc4 d3 29. cxd3 Qb6 30. Rb1 Qd4+ 31. Kb3 Rb8 32. Ka4 Qa7+ 33. Kb3 Qa2+ 34. Kc3 Qc2# 0-1

[Event "GER Cup Net Final-B U2000"]
[Site "Playchess.com INT"]
[Date "2020.06.06"]
[Round "2"]
[White "Schondorf, Andree"]
[Black "Lerch, Martin Erik"]
[Result "1-0"]
[WhiteElo "1766"]
[BlackElo "1931"]
[PlyCount "61"]
[EventDate "2020.06.06"]
[EventType "swiss (blitz)"]
[EventRounds "13"]
[EventCountry "GER"]
[SourceTitle "CBM 197 Extra"]
[Source "ChessBase"]
[SourceDate "2020.09.30"]
[SourceVersion "1"]
[SourceVersionDate "2020.09.30"]
[SourceQuality "1"]

1. Nf3 e6 2. b3 f5 3. Bb2 Nf6 4. e3 Be7 5. d4 0-0 6. Be2 d6 7. Nbd2 Qe8 8. c4 Nc6 9. a3 Bd8 10. Qc2 e5 11. dxe5 dxe5 12. b4 e4 13. Nd4 Nxd4 14. Bxd4 c6 15. Qb2 Bc7 16. c5 Be6 17. Nc4 Qg6 18. g3 Nd5 19. Nd6 b6 20. Rb1 Rfd8 21. Be5 Rab8 22. Qc2 a5 23. 0-0 axb4 24. axb4 b5 25. Qb2 Bxd6 26. Bxd6 Bf7 27. Bxb8 Rxb8 28. Ra1 h6 29. Ra7 Be8 30. Rfa1 Qe6 31. Qxg7# 1-0

[Event "GER Cup Net Final-B U2000"]
[Site "Playchess.com INT"]
[Date "2020.06.06"]
[Round "8"]
[White "Schondorf, Andree"]
[Black "Meschke, Andreas"]
[Result "1-0"]
[WhiteElo "1766"]
[BlackElo "1867"]
[PlyCount "117"]
[EventDate "2020.06.06"]
[EventType "swiss (blitz)"]
[EventRounds "13"]
[EventCountry "GER"]
[SourceTitle "CBM 197 Extra"]
[Source "ChessBase"]
[SourceDate "2020.09.30"]
[SourceVersion "1"]
[SourceVersionDate "2020.09.30"]
[SourceQuality "1"]

1. Nf3 d5 2. b3 c6 3. Bb2 Bf5 4. e3 Nd7 5. c4 e6 6. d4 Bd6 7. Bd3 Bg4 8. Nbd2 Ngf6 9. h3 Bh5 10. 0-0 Rc8 11. Rc1 0-0 12. Re1 Qa5 13. c5 Bb8 14. a3 Rfe8 15. Qc2 Qc7 16. b4 a6 17. a4 e5 18. dxe5 Nxe5 19. Bxe5 Rxe5 20. Nxe5 Qxe5 21. Nf1 Qg5 22. b5 axb5 23. axb5 Re8 24. bxc6 bxc6 25. Rb1 Bf3 26. Ng3 Bxg3 27. fxg3 Qxg3 28. Qf2 Qxf2+ 29. Kxf2 Be4 30. Bxe4 Nxe4+ 31. Kg1 Nxc5 32. Rec1 Nd3 33. Rxc6 h6 34. Rd6 Re5 35. Rd1 Rxe3 36. Rxd5 Nf4 37. Rd8+ Kh7 38. R1d2 Rg3 39. Kh2 Rg6 40. Rf2 Rf6 41. Rd4 Ne6 42. Rxf6 gxf6 43. Rd7 Kg7 44. Ra7 Kg6 45. Kg3 Ng5 46. h4 Ne6 47. Kh3 h5 48. g4 hxg4+ 49. Kxg4 f5+ 50. Kh3 f6 51. Ra8 Kh5 52. Rh8+ Kg6 53. h5+ Kg7 54. Ra8 Ng5+ 55. Kh4 Nf3+ 56. Kg3 Ng5 57. Kf4 Kh6 58. Kxf5 Kxh5 59. Rh8+ 1-0

[Event "GER Cup Net V2 U2000"]
[Site "Playchess.com INT"]
[Date "2020.05.22"]
[Round "8"]
[White "Heutling, Elina"]
[Black "Schondorf, Andree"]
[Result "0-1"]
[WhiteElo "1648"]
[BlackElo "1722"]
[PlyCount "120"]
[EventDate "2020.05.22"]
[EventType "swiss (blitz)"]
[EventRounds "9"]
[EventCountry "GER"]
[SourceTitle "EXT 2021"]
[Source "ChessBase"]
[SourceDate "2020.10.23"]
[SourceVersion "1"]
[SourceVersionDate "2020.10.23"]
[SourceQuality "1"]

1. e4 c5 2. Nf3 d6 3. d4 cxd4 4. Nxd4 Nf6 5. Nc3 e5 6. Nb3 Be7 7. Be3 0-0 8. h3 Be6 9. g4 d5 10. exd5 Nxd5 11. Qd2 Nxe3 12. Qxe3 Nc6 13. Bd3 a6 14. Ne4 Nd4 15. 0-0-0 Nxb3+ 16. axb3 Qc7 17. Ng5 Bxg5 18. Qxg5 Rac8 19. h4 Bxb3 20. Qd2 Bc4 21. g5 Bxd3 22. Qxd3 Rfd8 23. Qe2 Qa5 24. Kb1 Qc5 25. h5 Qe7 26. g6 fxg6 27. hxg6 h6 28. Rxd8+ Rxd8 29. Qc4+ Kh8 30. Qe4 b5 31. Qc6 Qd6 32. Qb7 Qxg6 33. Qc7 Re8 34. Re1 Qf6 35. Qd7 Rf8 36. Qd5 Kh7 37. Rxe5 Qxf2 38. Qe4+ Kh8 39. Re8 Qf1+ 40. Ka2 Qf7+ 41. Qe6 Qxe6+ 42. Rxe6 Ra8 43. b4 Kh7 44. Kb2 h5 45. Kc1 g6 46. Kd1 Kh6 47. Ke2 h4 48. Kf2 Kh5 49. Kg2 g5 50. Re5 Kg4 51. Re4+ Kf5 52. Rd4 Ra7 53. Rd5+ Kg4 54. Rd4+ Kh5 55. Rd5 Rc7 56. Rd2 Rc4 57. Kh2 Rxb4 58. Kg2 Rc4 59. Kh2 a5 60. Kg2 a4 0-1

[Event "GER Cup Net V2 U2000"]
[Site "Playchess.com INT"]
[Date "2020.05.22"]
[Round "6"]
[White "Oelke, Bernd"]
[Black "Schondorf, Andree"]
[Result "1-0"]
[WhiteElo "1660"]
[BlackElo "1730"]
[PlyCount "83"]
[EventDate "2020.05.22"]
[EventType "swiss (blitz)"]
[EventRounds "9"]
[EventCountry "GER"]
[SourceTitle "EXT 2021"]
[Source "ChessBase"]
[SourceDate "2020.10.23"]
[SourceVersion "1"]
[SourceVersionDate "2020.10.23"]
[SourceQuality "1"]

1. d4 d5 2. Bf4 Nf6 3. e3 e6 4. Nf3 Be7 5. Bd3 Nbd7 6. Ne5 Nxe5 7. dxe5 Nd7 8. c3 Bg5 9. Bg3 b6 10. Nd2 Bb7 11. h4 Be7 12. f4 c5 13. Nf3 Qc7 14. Qe2 0-0-0 15. 0-0-0 Kb8 16. Kb1 h6 17. Rc1 Rc8 18. Rhd1 Rhd8 19. Bf2 f6 20. Bg3 f5 21. Bf2 c4 22. Bc2 Bc5 23. Nd4 Bxd4 24. exd4 b5 25. Ka1 Nb6 26. g4 g6 27. gxf5 gxf5 28. Qh5 Qh7 29. Rg1 Rg8 30. Rxg8 Rxg8 31. Rg1 Bc6 32. Bd1 Rxg1 33. Bxg1 Qg7 34. Be3 Qg3 35. Bc1 Qe1 36. Kb1 Qe4+ 37. Bc2 Qh1 38. Qxh6 a5 39. Qxe6 Kb7 40. Qe7+ Ka6 41. Bxf5 Qxh4 42. Qxh4 1-0

[Event "GER Cup Net V2 U2000"]
[Site "Playchess.com INT"]
[Date "2020.05.22"]
[Round "1"]
[White "Schondorf, Andree"]
[Black "Schenk, Jonatan"]
[Result "1-0"]
[WhiteElo "1744"]
[BlackElo "1561"]
[PlyCount "83"]
[EventDate "2020.05.22"]
[EventType "swiss (blitz)"]
[EventRounds "9"]
[EventCountry "GER"]
[SourceTitle "EXT 2021"]
[Source "ChessBase"]
[SourceDate "2020.10.23"]
[SourceVersion "1"]
[SourceVersionDate "2020.10.23"]
[SourceQuality "1"]

1. Nf3 f5 2. b3 Nf6 3. Bb2 e6 4. g3 Be7 5. Bg2 0-0 6. 0-0 d6 7. d3 e5 8. Nbd2 Qe8 9. e4 f4 10. Qe1 Ng4 11. h3 Nf6 12. g4 Nc6 13. c3 h5 14. g5 Nh7 15. h4 Bg4 16. d4 Qd7 17. dxe5 dxe5 18. Nh2 Bh3 19. f3 Bc5+ 20. Kh1 Bxg2+ 21. Kxg2 Be3 22. Rd1 Qe7 23. Nc4 Bc5 24. b4 Bd6 25. Nxd6 cxd6 26. Qd2 Rad8 27. Qd5+ Kh8 28. Rd2 Nxg5 29. hxg5 Qxg5+ 30. Kh1 Ne7 31. Qxb7 Ng6 32. Rg2 Qh6 33. a4 h4 34. a5 h3 35. Rg4 Nh4 36. Qxa7 Ng2 37. Qf2 Ne3 38. Rh4 Nxf1 39. Rxh6+ gxh6 40. Qxf1 Rg8 41. Qxh3 d5 42. Qxh6# 1-0

[Event "GER Cup Net V2 U2000"]
[Site "Playchess.com INT"]
[Date "2020.05.22"]
[Round "9"]
[White "Schondorf, Andree"]
[Black "Wagner, Rainer"]
[Result "1-0"]
[WhiteElo "1736"]
[BlackElo "1931"]
[PlyCount "87"]
[EventDate "2020.05.22"]
[EventType "swiss (blitz)"]
[EventRounds "9"]
[EventCountry "GER"]
[SourceTitle "EXT 2021"]
[Source "ChessBase"]
[SourceDate "2020.10.23"]
[SourceVersion "1"]
[SourceVersionDate "2020.10.23"]
[SourceQuality "1"]

1. Nf3 c5 2. b3 Nf6 3. Bb2 d5 4. e3 Nc6 5. Bb5 Bg4 6. h3 Bh5 7. Bxc6+ bxc6 8. 0-0 e6 9. d3 Bd6 10. Nbd2 Qc7 11. Qe1 0-0 12. e4 Nd7 13. e5 Be7 14. Qe3 a5 15. a4 Rfb8 16. Ba3 Bxf3 17. Nxf3 Bf8 18. Qe2 g6 19. Rfe1 Bg7 20. Rad1 Rb7 21. Qe3 Qb6 22. Qe2 Rd8 23. Bc1 Nb8 24. Bg5 Rdd7 25. Bf6 c4 26. dxc4 dxc4 27. Qxc4 Na6 28. Bxg7 Kxg7 29. Rd6 Nb4 30. Red1 Rxd6 31. Rxd6 Rc7 32. Rd2 Nd5 33. Ng5 Rd7 34. Ne4 Qc7 35. Nd6 Kg8 36. Qc5 Nf4 37. Rd1 Nd5 38. c3 Ne7 39. b4 axb4 40. cxb4 Nf5 41. a5 Qd8 42. a6 Qa8 43. Qb6 Ra7 44. b5 1-0

[Event "GER Cup Net V1 U2000"]
[Site "Playchess.com INT"]
[Date "2020.05.19"]
[Round "6"]
[White "Lang, Alexander"]
[Black "Schondorf, Andree"]
[Result "0-1"]
[WhiteElo "1809"]
[BlackElo "1721"]
[PlyCount "84"]
[EventDate "2020.05.19"]
[EventType "swiss (blitz)"]
[EventRounds "9"]
[EventCountry "GER"]
[SourceTitle "EXT 2021"]
[Source "ChessBase"]
[SourceDate "2020.10.23"]
[SourceVersion "1"]
[SourceVersionDate "2020.10.23"]
[SourceQuality "1"]

1. d4 d5 2. c4 e6 3. Nc3 Nf6 4. cxd5 exd5 5. Bg5 c6 6. e3 Be7 7. Qc2 0-0 8. Bd3 h6 9. Bh4 Nbd7 10. Nge2 Re8 11. f3 b6 12. 0-0 Bb7 13. e4 dxe4 14. fxe4 Nf8 15. e5 Nd5 16. Bf2 Rc8 17. Ne4 Ne6 18. Rad1 Nb4 19. Qb1 Nxd3 20. Qxd3 Qd5 21. N4c3 Qa5 22. Ng3 Ba6 23. Qf5 Bxf1 24. Rxf1 Rf8 25. Nce4 Rcd8 26. Nh5 c5 27. Nf4 Nxf4 28. Qxf4 cxd4 29. Qg3 d3 30. Be3 Kh7 31. Nf6+ Bxf6 32. exf6 g5 33. Qf3 d2 34. Rd1 Rfe8 35. Bxd2 Qc5+ 36. Kh1 Qe5 37. h3 Qe2 38. Qf5+ Kg8 39. Re1 Qxd2 40. Rxe8+ Rxe8 41. h4 Qf4 42. Qd7 Re1# 0-1

[Event "GER Cup Net V1 U2000"]
[Site "Playchess.com INT"]
[Date "2020.05.19"]
[Round "3"]
[White "Schondorf, Andree"]
[Black "Friemel, Reinhard"]
[Result "1/2-1/2"]
[WhiteElo "1721"]
[BlackElo "1608"]
[PlyCount "90"]
[EventDate "2020.05.19"]
[EventType "swiss (blitz)"]
[EventRounds "9"]
[EventCountry "GER"]
[SourceTitle "EXT 2021"]
[Source "ChessBase"]
[SourceDate "2020.10.23"]
[SourceVersion "1"]
[SourceVersionDate "2020.10.23"]
[SourceQuality "1"]

1. Nf3 e6 2. b3 d5 3. Bb2 Nf6 4. e3 g6 5. c4 Bg7 6. cxd5 exd5 7. d4 c6 8. Be2 0-0 9. 0-0 Re8 10. Nbd2 Ne4 11. Nxe4 dxe4 12. Nd2 f5 13. Bc4+ Be6 14. a4 Nd7 15. Ba3 Nb6 16. Bxe6+ Rxe6 17. Rc1 Bf8 18. Bc5 Bxc5 19. Rxc5 Nd7 20. Rc2 Nf6 21. Nc4 Nd5 22. Ne5 Rc8 23. Qc1 Nb4 24. Rc4 Nd5 25. Rd1 Qe8 26. Qa3 a6 27. Rdc1 Qe7 28. Qxe7 Rxe7 29. a5 Kg7 30. h4 Kf6 31. g3 Rd8 32. Kg2 h5 33. R1c2 g5 34. hxg5+ Kxg5 35. Rc1 Nf6 36. Rh1 Ng4 37. Nxg4 fxg4 38. Rc5+ Rd5 39. b4 Rf7 40. Rf1 Rxc5 41. bxc5 h4 42. gxh4+ Kxh4 43. Rh1+ Kg5 44. Rh8 Rg7 45. Re8 Kf5 1/2-1/2

[Event "GER-ch Net Amateur Gr-B Final"]
[Site "Playchess.com INT"]
[Date "2020.04.18"]
[Round "7"]
[White "Schondorf, Andree"]
[Black "Weiskopf, Philip Michael"]
[Result "1-0"]
[WhiteElo "1802"]
[BlackElo "1638"]
[PlyCount "140"]
[EventDate "2020.04.18"]
[EventType "swiss (blitz)"]
[EventRounds "13"]
[EventCountry "GER"]
[SourceTitle "CBM 195 Extra"]
[Source "ChessBase"]
[SourceDate "2020.05.31"]
[SourceVersion "1"]
[SourceVersionDate "2020.05.31"]
[SourceQuality "1"]

1. Nf3 d5 2. b3 c5 3. e3 Nc6 4. Bb5 a6 5. Bxc6+ bxc6 6. Ne5 Bb7 7. Bb2 Nf6 8. 0-0 e6 9. f4 Bd6 10. d3 0-0 11. Nd2 Qb6 12. Qe2 Rfe8 13. Kh1 d4 14. Nec4 Qc7 15. Nxd6 Qxd6 16. e4 a5 17. e5 Qe7 18. exf6 Qxf6 19. Ne4 Qe7 20. a4 Ba6 21. Ba3 Qd8 22. Bxc5 Qd5 23. Ba3 Bb7 24. Rae1 Rac8 25. Nd6 Rb8 26. Nxe8 Rxe8 27. Qe4 Qd7 28. Qe5 Rc8 29. Qd6 Qe8 30. Qe7 Qxe7 31. Bxe7 c5 32. Bh4 h6 33. f5 Bd5 34. fxe6 Bxe6 35. Re5 g5 36. Bg3 Kg7 37. h3 Kg6 38. Kh2 Kg7 39. Re2 Kg6 40. Be5 Kh7 41. Bd6 Rc6 42. Be7 Rc7 43. Bf6 Kg6 44. Re5 Kh7 45. Bd8 Rc6 46. Bxa5 Kg6 47. Bd2 Kh7 48. a5 Kg6 49. Ra1 Kf6 50. Re2 Ra6 51. Rf2+ Kg6 52. b4 c4 53. b5 Ra8 54. a6 c3 55. Be1 Bc8 56. Re2 Kf6 57. Bf2 h5 58. Bxd4+ Kf5 59. Bxc3 g4 60. hxg4+ hxg4 61. g3 Be6 62. Rxe6 fxe6 63. a7 e5 64. b6 Rh8+ 65. Kg2 Rh3 66. a8Q e4 67. Qxe4+ Kg5 68. Ra5+ Kh6 69. Bg7+ Kxg7 70. Qxg4+ Kf6 1-0

[Event "GER-ch Net Amateur Gr-B Vor1"]
[Site "Playchess.com INT"]
[Date "2020.04.14"]
[Round "6"]
[White "Schondorf, Andree"]
[Black "Poggemann, Alexander"]
[Result "1-0"]
[WhiteElo "1754"]
[BlackElo "1611"]
[PlyCount "87"]
[EventDate "2020.04.14"]
[EventType "swiss (blitz)"]
[EventRounds "9"]
[EventCountry "GER"]
[SourceTitle "EXT 2021"]
[Source "ChessBase"]
[SourceDate "2020.10.23"]
[SourceVersion "1"]
[SourceVersionDate "2020.10.23"]
[SourceQuality "1"]

1. Nf3 Nf6 2. b3 g6 3. Bb2 Bg7 4. c4 0-0 5. e3 c6 6. g3 d5 7. Bg2 Be6 8. cxd5 cxd5 9. d4 Qd7 10. Ne5 Qc7 11. 0-0 Nbd7 12. Nf3 Ne4 13. Nbd2 Ndf6 14. Rc1 Qb6 15. Ba3 Rfe8 16. Nxe4 Nxe4 17. Nd2 Bf5 18. Nxe4 Bxe4 19. Bxe4 dxe4 20. Bc5 Qa5 21. a4 b6 22. Ba3 e6 23. Rc7 b5 24. Bd6 bxa4 25. bxa4 Red8 26. Rc5 Qa6 27. Bf4 e5 28. Bxe5 Bxe5 29. Rxe5 Rac8 30. Rxe4 Rc4 31. Re7 Kf8 32. Re5 Qxa4 33. Qb1 Rb4 34. Qe4 Rb5 35. Rxb5 Qxb5 36. Rb1 Qc4 37. Rb7 a5 38. Qe7+ Kg8 39. Qxd8+ Kg7 40. Qd7 a4 41. d5 a3 42. Qxf7+ Kh6 43. Qf4+ g5 44. Qxc4 1-0